000
00210 a2200097 4500
020
_a
9781454929970
041
_a
eng
100
_a
blackaby,Susan
245
_a
The twelve Days of Christmas in Oregon
942
_c
BK
999
_c
31819
_d
31817